00517nam a22001937a 450000500170000001000130001702000100003003500130004003700160005304000120006908200130008110000160009424500720011026000430018227000390022530000240026465000150028865000200030320170124110031.0 aA-794503 c00.00 aA-794503 bCen Lib/Ret aDPLbEN a374bKUN aKundu, C.L. aAdult education programme in the university system /cby C.L. Kundu aKurukshetra bNirmal book agencyc1968 bKurukshetra a322/8, Indira colony avii,113p.c21cm(Hb) aEducation  aAdult education